<?xml version="1.0" encoding="UTF-8"?>
<marc:record xmlns:marc="http://www.loc.gov/MARC21/slim">
   <marc:leader>00000nam a2200000 a 4500</marc:leader>
   <marc:datafield ind1="1" ind2=" " tag="100">
      <marc:subfield code="a">Hartmann, Martina</marc:subfield>
      <marc:subfield code="4">aut</marc:subfield>
      <marc:subfield code="e">Verfasser/-in</marc:subfield>
   </marc:datafield>
   <marc:datafield ind1=" " ind2=" " tag="653">
      <marc:subfield code="a">Geschichte 400-900</marc:subfield>
   </marc:datafield>
   <marc:datafield ind1=" " ind2=" " tag="653">
      <marc:subfield code="a">Königin</marc:subfield>
   </marc:datafield>
   <marc:datafield ind1=" " ind2=" " tag="653">
      <marc:subfield code="a">Frau</marc:subfield>
   </marc:datafield>
   <marc:datafield ind1=" " ind2=" " tag="653">
      <marc:subfield code="a">Frauengruppe</marc:subfield>
   </marc:datafield>
   <marc:datafield ind1="0" ind2="0" tag="245">
      <marc:subfield code="a">Die Königin im frühen Mittelalter</marc:subfield>
   </marc:datafield>
   <marc:datafield ind1="0" ind2="0" tag="245">
      <marc:subfield code="c">Martina Hartmann</marc:subfield>
   </marc:datafield>
   <marc:datafield ind1=" " ind2="1" tag="264">
      <marc:subfield code="a">Stuttgart</marc:subfield>
      <marc:subfield code="b">Kohlhammer</marc:subfield>
      <marc:subfield code="c">2009</marc:subfield>
   </marc:datafield>
   <marc:datafield ind1="1" ind2=" " tag="520">
      <marc:subfield code="a">Angaben aus der Verlagsmeldung

Die Königin im frühen Mittelalter / von Martina Hartmann

Über die Königin im frühen Mittelalter gibt es bislang keine zusammenhängende Darstellung.Dieses Buch behandelt im ersten Teil die
politische Geschichte der einzelnen Reiche der Völkerwanderungszeit bis zum Ende des Karolingerreiches unter besonderer Berücksichtigung
bedeutender Königinnen und ihres politischen Einflusses. Wir begegnen hier bedeutenden Königinnen wie z.B. der ostgotischen Königin
Amalaswintha, den Langobardenköniginnen Theudelinde und Hermelinda, den Ehefrauen und Konkubinen Karls des Großen.

Im zweiten Teil werden ausgewählte Aspekte näher beleuchtet wie die Herkunft von Königinnen, auswärtige Heiraten und Ehetrennungen,
Hofstaat und Ausstattung, Regentschaften, Tod und Begräbnis sowie deren Nachleben und die Rolle der Königstöchter.
</marc:subfield>
   </marc:datafield>
   <marc:datafield ind1=" " ind2=" " tag="020">
      <marc:subfield code="a">9783170184732</marc:subfield>
      <marc:subfield code="9">9783170184732</marc:subfield>
   </marc:datafield>
   <marc:datafield ind1=" " ind2=" " tag="041">
      <marc:subfield code="a">ger</marc:subfield>
   </marc:datafield>
   <marc:datafield ind1=" " ind2=" " tag="300">
      <marc:subfield code="a">XIII, 245 S.</marc:subfield>
   </marc:datafield>
</marc:record>
